[Event "chess.com SpeedChess 2023"]
[Site "chess.com INT"]
[Date "2023.09.14"]
[Round "1.16"]
[White "Erigaisi, Arjun"]
[Black "Nepomniachtchi, Ian"]
[Result "1-0"]
[WhiteTitle "GM"]
[BlackTitle "GM"]
[WhiteElo "2712"]
[BlackElo "2771"]
[WhiteFideId "35009192"]
[BlackFideId "4168119"]
[EventDate "2023.09.04"]
[EventType "k.o."]

1. Nf3 Nf6 2. g3 d5 3. Bg2 e6 4. O-O Be7 5. d4 O-O 6. c4 dxc4 7. Ne5 Nc6 8. Nxc6
bxc6 9. Na3 Bxa3 10. bxa3 Ba6 11. Qa4 Qc8 12. Qa5 Rd8 13. Rd1 h6 14. a4 Rb8 15.
e4 Rb6 16. Ba3 Qb7 17. Qc3 c5 18. Bxc5 Rb2 19. Be7 Rd7 20. Bxf6 gxf6 21. Qf3 f5
22. Qf4 Qb6 23. exf5 exf5 24. Qxf5 Rxd4 25. Bd5 Rxd5 26. Rxd5 c3 27. Rd8+ Kg7
28. Qe5+ f6 29. Qe7+ Kg6 30. Rg8+ Kf5 31. Qh7+ Ke5 32. Re1+ Kd5 33. Qf5+ Kc6 34.
Re6+ Kb7 35. Qd5+ 1-0

[Event "chess.com SpeedChess 2023"]
[Site "chess.com INT"]
[Date "2023.09.14"]
[Round "1.17"]
[White "Nepomniachtchi, Ian"]
[Black "Erigaisi, Arjun"]
[Result "1-0"]
[WhiteTitle "GM"]
[BlackTitle "GM"]
[WhiteElo "2771"]
[BlackElo "2712"]
[WhiteFideId "4168119"]
[BlackFideId "35009192"]
[EventDate "2023.09.04"]
[EventType "k.o."]

1. c4 e6 2. Nf3 d5 3. g3 Nf6 4. Bg2 dxc4 5. Qa4+ Nbd7 6. Qxc4 c5 7. O-O b6 8.
Nd4 Ne5 9. Qc2 Bd7 10. Nf3 Nxf3+ 11. Bxf3 h5 12. Nc3 h4 13. d3 hxg3 14. hxg3 Bd6
15. Bg5 Rc8 16. Kg2 Qc7 17. Rh1 Rxh1 18. Rxh1 Bc6 19. Ne4 Nxe4 20. dxe4 f6 21.
e5 Bxf3+ 22. exf3 Bxe5 23. Qg6+ Kd7 24. Rd1+ Bd4 25. Be3 e5 26. b4 Ke6 27. bxc5
bxc5 28. Rd3 Rb8 29. Ra3 a5 30. Bd2 Rb2 31. Rxa5 Rxd2 32. Qe8+ Kf5 33. Ra6 Rxf2+
34. Kh3 Rxf3 35. Qh5+ Ke4 36. Qg4+ Rf4 37. Qe2+ Kd5 38. gxf4 Qc8+ 39. Kg2 Qf5
40. Qf3+ Qe4 41. Rd6+ Kxd6 42. Qxe4 1-0

[Event "chess.com SpeedChess 2023"]
[Site "chess.com INT"]
[Date "2023.09.14"]
[Round "1.18"]
[White "Erigaisi, Arjun"]
[Black "Nepomniachtchi, Ian"]
[Result "1-0"]
[WhiteTitle "GM"]
[BlackTitle "GM"]
[WhiteElo "2712"]
[BlackElo "2771"]
[WhiteFideId "35009192"]
[BlackFideId "4168119"]
[EventDate "2023.09.04"]
[EventType "k.o."]

1. e4 e5 2. d4 exd4 3. Qxd4 Nc6 4. Qe3 Nf6 5. Bd2 Bb4 6. c3 Ba5 7. c4 Bxd2+ 8.
Nxd2 O-O 9. O-O-O d6 10. f4 a6 11. h3 Re8 12. g4 b5 13. Ngf3 Bb7 14. g5 Nd7 15.
Kb1 Nc5 16. cxb5 axb5 17. Bxb5 Qe7 18. Rhe1 Reb8 19. Bxc6 Bxc6 20. Nd4 Bd7 21.
b3 Qe8 22. e5 Be6 23. Qc3 Qa4 24. Qb2 Nd3 25. Qa1 Bxh3 26. Re3 Nxf4 27. exd6
cxd6 28. Rf3 Ne6 29. Rxh3 Nxd4 30. Rdh1 Ne6 31. Rxh7 Kf8 32. Rh8+ Ke7 33. Rxb8
Rxb8 34. Qc3 Qg4 35. Re1 Kf8 36. Qd3 Kg8 37. Ne4 Qh4 38. Rd1 Nxg5 39. Nxg5 Qxg5
40. Qxd6 Re8 41. Qd5 Qe7 42. Qd7 Qe5 43. Qd3 g5 44. Qd5 Qf4 45. Qc4 Qf5+ 46. Qc2
Qf6 47. Qb2 Re5 48. b4 g4 49. b5 Qf5+ 50. Ka1 Qg5 51. b6 Rb5 52. Qd4 g3 53. a4
Rb3 54. Ka2 Rf3 55. b7 Rf2+ 56. Ka1 Kh7 57. Rh1+ Kg6 58. b8=Q g2 59. Qg8+ Kf5
60. Qxg5+ Kxg5 61. Rg1 Rf1+ 62. Kb2 Rxg1 63. Qxg1 Kf4 64. Qxg2 1-0

[Event "chess.com SpeedChess 2023"]
[Site "chess.com INT"]
[Date "2023.09.14"]
[Round "1.19"]
[White "Nepomniachtchi, Ian"]
[Black "Erigaisi, Arjun"]
[Result "1-0"]
[WhiteTitle "GM"]
[BlackTitle "GM"]
[WhiteElo "2771"]
[BlackElo "2712"]
[WhiteFideId "4168119"]
[BlackFideId "35009192"]
[EventDate "2023.09.04"]
[EventType "k.o."]

1. c4 e6 2. g3 d5 3. Bg2 Nf6 4. Nf3 d4 5. O-O Nc6 6. d3 Bc5 7. Nbd2 O-O 8. Nb3
Be7 9. e3 dxe3 10. Bxe3 a5 11. h3 a4 12. Nbd4 Nxd4 13. Nxd4 c6 14. Nf3 Qa5 15.
d4 Rd8 16. Qc2 h6 17. Rad1 Bd7 18. Ne5 Be8 19. a3 Rac8 20. Bd2 Qa6 21. Bc3 b5
22. c5 Nd5 23. Rfe1 Rb8 24. Nd3 Bf6 25. Kh2 Qa7 26. Qc1 Bd7 27. Nb4 Be8 28. Be4
Nxb4 29. axb4 Qe7 30. Bb1 Qf8 31. Rd3 Rd5 32. Re4 Rbd8 33. Qc2 g6 34. Ba2 R5d7
35. Rf4 Bg5 36. Rff3 Qe7 37. h4 Bf6 38. Rxf6 Qxf6 39. d5 Qf5 40. d6 f6 41. Qe2
Bf7 42. Rf3 Qg4 43. Bxf6 Re8 44. Be5 Qxb4 45. Qe3 Kh7 46. Rf4 Qa5 47. Bb1 Qd8
48. h5 Rg8 49. Rf6 1-0

[Event "chess.com SpeedChess 2023"]
[Site "chess.com INT"]
[Date "2023.09.14"]
[Round "1.20"]
[White "Erigaisi, Arjun"]
[Black "Nepomniachtchi, Ian"]
[Result "0-1"]
[WhiteTitle "GM"]
[BlackTitle "GM"]
[WhiteElo "2712"]
[BlackElo "2771"]
[WhiteFideId "35009192"]
[BlackFideId "4168119"]
[EventDate "2023.09.04"]
[EventType "k.o."]

1. d4 Nf6 2. c4 e6 3. Nc3 Bb4 4. Qc2 c5 5. dxc5 O-O 6. a3 Bxc5 7. Nf3 d5 8. Bf4
d4 9. O-O-O Nbd7 10. Nxd4 e5 11. Nb3 Bxf2 12. Bg5 h6 13. e3 hxg5 14. Qxf2 Qb6
15. Nd2 Nc5 16. b4 Ne6 17. c5 Qc7 18. h4 Ng4 19. Qg3 Nxc5 20. bxc5 Qxc5 21. Nc4
Be6 22. hxg5 Bxc4 23. Qh4 Qxa3+ 24. Kb1 Qb3+ 25. Kc1 Qxc3+ 26. Kb1 Qb3+ 27. Kc1
Qa3+ 28. Kc2 Bb3+ 0-1

[Event "chess.com SpeedChess 2023"]
[Site "chess.com INT"]
[Date "2023.09.14"]
[Round "1.21"]
[White "Nepomniachtchi, Ian"]
[Black "Erigaisi, Arjun"]
[Result "0-1"]
[WhiteTitle "GM"]
[BlackTitle "GM"]
[WhiteElo "2771"]
[BlackElo "2712"]
[WhiteFideId "4168119"]
[BlackFideId "35009192"]
[EventDate "2023.09.04"]
[EventType "k.o."]

1. e4 e6 2. d4 d5 3. Nd2 Nf6 4. Bd3 c5 5. e5 Nfd7 6. c3 Nc6 7. Ne2 cxd4 8. cxd4
f6 9. exf6 Nxf6 10. O-O Bd6 11. Nf3 O-O 12. Bg5 Bd7 13. a3 Be8 14. Ng3 Bxg3 15.
hxg3 Bh5 16. Re1 h6 17. Be3 Ng4 18. Bf4 g5 19. Bd2 Qf6 20. Qe2 e5 21. Nxe5 Nxd4
22. Nxg4 Nxe2+ 0-1

[Event "chess.com SpeedChess 2023"]
[Site "chess.com INT"]
[Date "2023.09.14"]
[Round "1.22"]
[White "Erigaisi, Arjun"]
[Black "Nepomniachtchi, Ian"]
[Result "1/2-1/2"]
[WhiteTitle "GM"]
[BlackTitle "GM"]
[WhiteElo "2712"]
[BlackElo "2771"]
[WhiteFideId "35009192"]
[BlackFideId "4168119"]
[EventDate "2023.09.04"]
[EventType "k.o."]

1. Nf3 Nf6 2. c4 e6 3. Nc3 d5 4. e3 Be7 5. b3 O-O 6. Bb2 b6 7. Qc2 dxc4 8. bxc4
Bb7 9. Be2 c5 10. O-O Nc6 11. Rad1 Qc7 12. Nb5 Qb8 13. Ng5 Ne5 14. f4 Ng6 15.
Bf3 a6 16. Nc3 b5 17. Nce4 Nxe4 18. Bxe4 Bxg5 19. fxg5 Bxe4 20. Qxe4 bxc4 21.
Bc3 Qd8 22. h4 Qd5 23. Qg4 Ne7 24. h5 Nc6 25. h6 g6 26. Qf4 f5 27. gxf6 Rf7 28.
Rb1 Raf8 29. e4 Qd3 30. e5 Nd4 31. Bxd4 cxd4 32. Rbc1 Rd8 33. Rf3 Qe2 34. Rf2
Qd3 35. Qf3 Qxf3 36. Rxf3 Rc7 37. Ra3 Rd5 38. Rxa6 Rxe5 39. Ra4 Rec5 40. Kf2 Kf7
41. Kf3 Kxf6 42. Ke4 e5 43. Ra6+ Kg5 44. Re6 c3 45. dxc3 dxc3 46. Rxe5+ Rxe5+
47. Kxe5 Kxh6 48. Kd4 Ra7 49. Rc2 Kg5 50. Kxc3 Kf4 51. Kb4 Rb7+ 52. Ka5 Kg3 53.
a4 g5 54. Ka6 Rb3 55. a5 g4 56. Ka7 h5 57. a6 h4 58. Ka8 Rb4 59. a7 Kh2 60. Rd2
g3 61. Rc2 Rf4 62. Rd2 Rf2 63. Rd4 Rf8+ 64. Kb7 Rf7+ 65. Kb8 Rf8+ 66. Kb7 h3 67.
gxh3 g2 68. Rg4 Kxh3 69. Rxg2 Kxg2 70. a8=Q Rxa8 71. Kxa8 1/2-1/2

[Event "chess.com SpeedChess 2023"]
[Site "chess.com INT"]
[Date "2023.09.14"]
[Round "1.23"]
[White "Nepomniachtchi, Ian"]
[Black "Erigaisi, Arjun"]
[Result "1/2-1/2"]
[WhiteTitle "GM"]
[BlackTitle "GM"]
[WhiteElo "2771"]
[BlackElo "2712"]
[WhiteFideId "4168119"]
[BlackFideId "35009192"]
[EventDate "2023.09.04"]
[EventType "k.o."]

1. g3 d5 2. Bg2 e5 3. d3 Nc6 4. Nc3 Be6 5. a3 Qd7 6. b4 a6 7. Bb2 Bd6 8. Nf3 f6
9. O-O Nge7 10. e4 d4 11. Ne2 h5 12. c3 dxc3 13. Bxc3 Bh3 14. d4 h4 15. d5 Bxg2
16. Kxg2 hxg3 17. fxg3 Qh3+ 18. Kf2 Nd8 19. Neg1 Qh7 20. Qe2 Nf7 21. Bd2 O-O 22.
Kg2 c6 23. dxc6 Nxc6 24. Nh3 Rad8 25. Nf2 Qh5 26. Rfe1 Bb8 27. Rad1 Ba7 28. Be3
Bxe3 29. Qxe3 Rxd1 30. Rxd1 Ng5 31. Rd7 Nxf3 32. Qxf3 Qxf3+ 33. Kxf3 Rf7 34.
Rxf7 Kxf7 35. Nd3 Nd4+ 36. Kf2 b6 37. h4 Ke6 38. g4 Kd6 39. a4 a5 40. bxa5 bxa5
41. h5 Ne6 42. Ke3 Nc5 43. Nb2 Nb7 44. Nc4+ Kc5 45. g5 fxg5 46. Nxe5 Kb4 47. Kf3
Kxa4 48. Kg4 Kb3 49. Kxg5 a4 50. Nd3 a3 51. Kg6 Kc3 52. Nc1 Kb2 53. Nd3+ Kc3 54.
Nc1 Kc2 55. Na2 Kb2 56. Nb4 Kb3 57. Nd3 Kc2 58. Nb4+ Kb3 59. Nd3 1/2-1/2

[Event "chess.com SpeedChess 2023"]
[Site "chess.com INT"]
[Date "2023.09.14"]
[Round "1.24"]
[White "Erigaisi, Arjun"]
[Black "Nepomniachtchi, Ian"]
[Result "1-0"]
[WhiteTitle "GM"]
[BlackTitle "GM"]
[WhiteElo "2712"]
[BlackElo "2771"]
[WhiteFideId "35009192"]
[BlackFideId "4168119"]
[EventDate "2023.09.04"]
[EventType "k.o."]

1. c4 e5 2. Nf3 Nc6 3. Nc3 Nf6 4. d4 exd4 5. Nxd4 Bb4 6. g3 Na5 7. Qd3 d5 8.
cxd5 Qxd5 9. Rg1 Qc4 10. Qxc4 Nxc4 11. a3 Ba5 12. Nb3 Bxc3+ 13. bxc3 O-O 14. Bg2
a5 15. Bg5 Ra6 16. Nc5 Rb6 17. a4 Re8 18. O-O-O h6 19. Bf4 Rxe2 20. Rd8+ Kh7 21.
Rxc8 Rbb2 22. Nd3 Ra2 23. Kd1 Ng4 24. Bc1 f5 25. Rxc7 Nxf2+ 26. Nxf2 Rxf2 27.
Rxc4 Rxg2 28. Rxg2 Rxg2 29. Rc5 Kg6 30. Rxa5 Rxh2 31. Rb5 Rg2 32. Bf4 Kf6 33.
Rb6+ 1-0

[Event "chess.com SpeedChess 2023"]
[Site "chess.com INT"]
[Date "2023.09.14"]
[Round "1.25"]
[White "Nepomniachtchi, Ian"]
[Black "Erigaisi, Arjun"]
[Result "0-1"]
[WhiteTitle "GM"]
[BlackTitle "GM"]
[WhiteElo "2771"]
[BlackElo "2712"]
[WhiteFideId "4168119"]
[BlackFideId "35009192"]
[EventDate "2023.09.04"]
[EventType "k.o."]

1. g3 d6 2. Bg2 c6 3. c4 g6 4. Nc3 Bg7 5. d4 Nf6 6. e4 O-O 7. Nge2 Nbd7 8. O-O
e5 9. h3 Re8 10. Be3 exd4 11. Nxd4 Nc5 12. Qc2 a5 13. Rfe1 Nfd7 14. Rad1 a4 15.
f4 Qa5 16. Kh2 Qb4 17. a3 Qa5 18. Nf3 Bxc3 19. bxc3 Nxe4 20. Bd4 Ndf6 21. Ng5
Nxg5 22. Bxf6 Bf5 23. Qb2 Ne4 24. Bxe4 Bxe4 25. Qxb7 Qf5 26. Rxd6 Rab8 27. Qd7
Qc5 28. Rd2 Qxc4 29. Qc7 c5 30. Rde2 Ra8 31. Qd7 h5 0-1

[Event "chess.com SpeedChess 2023"]
[Site "chess.com INT"]
[Date "2023.09.14"]
[Round "1.26"]
[White "Erigaisi, Arjun"]
[Black "Nepomniachtchi, Ian"]
[Result "1-0"]
[WhiteTitle "GM"]
[BlackTitle "GM"]
[WhiteElo "2712"]
[BlackElo "2771"]
[WhiteFideId "35009192"]
[BlackFideId "4168119"]
[EventDate "2023.09.04"]
[EventType "k.o."]

1. Nf3 e6 2. c4 d5 3. g3 dxc4 4. Bg2 Bd7 5. Ne5 Nc6 6. Nxd7 Qxd7 7. Qa4 Nf6 8.
Qxc4 Be7 9. Bxc6 bxc6 10. d3 O-O 11. O-O a5 12. a3 Nd5 13. Nc3 Nxc3 14. Qxc3
Rfb8 15. Qc2 Bf6 16. Rb1 a4 17. Bd2 Rb3 18. Rfc1 Ra6 19. Qc4 Qc8 20. Bc3 Bxc3
21. Rxc3 Rb5 22. Rc2 Qb7 23. d4 h5 24. h4 g6 25. Qd3 Raa5 26. Qf3 Rb6 27. Rbc1
Rd5 28. e3 Rd6 29. Qe2 Rb3 30. Rd2 Rd5 31. Rc4 Rdb5 32. Rxa4 Rxb2 33. Rxb2 Rxb2
34. Qf3 Kg7 35. Rc4 Rb1+ 36. Kh2 Qb3 37. Rxc6 Qxa3 38. Rxc7 Qf8 39. Qe4 Kg8 40.
Qxb1 1-0

[Event "chess.com SpeedChess 2023"]
[Site "chess.com INT"]
[Date "2023.09.14"]
[Round "1.27"]
[White "Nepomniachtchi, Ian"]
[Black "Erigaisi, Arjun"]
[Result "1-0"]
[WhiteTitle "GM"]
[BlackTitle "GM"]
[WhiteElo "2771"]
[BlackElo "2712"]
[WhiteFideId "4168119"]
[BlackFideId "35009192"]
[EventDate "2023.09.04"]
[EventType "k.o."]

1. e4 e6 2. d4 d5 3. e5 c5 4. Nf3 Nc6 5. c3 Bd7 6. a3 f6 7. exf6 Nxf6 8. Bd3 Bd6
9. O-O O-O 10. Bg5 e5 11. dxe5 Nxe5 12. Nxe5 Bxe5 13. Nd2 h6 14. Bh4 Qb6 15. Qc2
Nh5 16. Rae1 Bc7 17. g3 Bh3 18. Bg6 Nf6 19. Bf5 Bxf1 20. Re6 Qb5 21. Bxf6 Rxf6
22. Rxf6 gxf6 23. Nxf1 Re8 24. Ne3 Re5 25. Qd1 Qxb2 26. Qg4+ Kf8 27. Qg6 Qc1+
28. Kg2 Rxe3 29. Qxf6+ Ke8 30. Qh8+ Kf7 31. Qh7+ Kf8 32. Qxh6+ Kf7 33. Qg6+ Kf8
34. Qh6+ Kf7 35. fxe3 Qxc3 36. Qe6+ Kg7 37. Qe7+ Kg8 38. Qxc7 Qb2+ 39. Kh3 Qf6
40. Qc8+ Kg7 41. Qxb7+ Qf7 42. Qxf7+ Kxf7 43. Kg4 Kf6 44. Kf4 1-0

[Event "chess.com SpeedChess 2023"]
[Site "chess.com INT"]
[Date "2023.09.14"]
[Round "1.28"]
[White "Erigaisi, Arjun"]
[Black "Nepomniachtchi, Ian"]
[Result "0-1"]
[WhiteTitle "GM"]
[BlackTitle "GM"]
[WhiteElo "2712"]
[BlackElo "2771"]
[WhiteFideId "35009192"]
[BlackFideId "4168119"]
[EventDate "2023.09.04"]
[EventType "k.o."]

1. Nf3 d5 2. c4 d4 3. e3 c5 4. b4 Nf6 5. Bb2 dxe3 6. fxe3 cxb4 7. d4 Nc6 8. Bd3
e5 9. Nbd2 exd4 10. exd4 Bd6 11. O-O O-O 12. d5 Ne7 13. Bxf6 gxf6 14. Ne4 Ng6
15. c5 Bf4 16. d6 f5 17. Nf2 Be3 18. Qc2 Qa5 19. Bxf5 Bxf5 20. Qxf5 Qxc5 21. Qf6
Rae8 22. d7 Re7 23. Rad1 Rd8 24. Nd4 Qe5 25. Qxe5 Rxe5 26. Nf3 Re7 27. Rfe1
Bxf2+ 28. Kxf2 Rexd7 29. Re8+ Rxe8 30. Rxd7 Re7 31. Rd4 a5 32. Rd5 b6 33. Rd6
Re6 34. Rxe6 fxe6 35. Ke3 Kf7 36. Kd4 Ke7 37. Kc4 Nf4 38. g3 Nd5 39. Ng5 h6 40.
Ne4 Nc3 41. Nxc3 bxc3 42. Kxc3 b5 43. Kd4 Kd6 44. g4 e5+ 45. Ke4 b4 46. h4 a4
47. h5 Ke6 48. Kd3 e4+ 49. Kc4 b3 50. axb3 a3 0-1

[Event "chess.com SpeedChess 2023"]
[Site "chess.com INT"]
[Date "2023.09.14"]
[Round "1.29"]
[White "Nepomniachtchi, Ian"]
[Black "Erigaisi, Arjun"]
[Result "1/2-1/2"]
[WhiteTitle "GM"]
[BlackTitle "GM"]
[WhiteElo "2771"]
[BlackElo "2712"]
[WhiteFideId "4168119"]
[BlackFideId "35009192"]
[EventDate "2023.09.04"]
[EventType "k.o."]

1. Nf3 e6 2. c4 d5 3. e3 Nf6 4. Nc3 c6 5. b3 Bd6 6. Bb2 O-O 7. Qc2 e5 8. cxd5
cxd5 9. Nb5 Nc6 10. Nxd6 Qxd6 11. Be2 Bg4 12. Qd1 Rfe8 13. O-O Rad8 14. d3 d4
15. exd4 exd4 16. Re1 h6 17. Qd2 Re7 18. h3 Bf5 19. Bf1 Rde8 20. Rxe7 Rxe7 21.
Re1 Be6 22. Qc1 Rc7 23. Ba3 Qd8 24. Qc5 Nd5 25. Nxd4 Ncb4 26. Nxe6 fxe6 27. Qa5
Nc6 28. Qd2 Nd4 29. Qd1 Rc2 30. Re4 Qf6 31. Qe1 Nf4 32. Kh2 Nxh3 33. Kxh3 Rxf2
34. Be7 Qf5+ 35. Kh2 Rxf1 36. Qg3 Nc6 37. Bd6 Qh5+ 38. Rh4 Qd1 39. Qe3 Rh1+ 40.
Kg3 Rxh4 41. Qxe6+ Kh8 42. Qc8+ Kh7 43. Qf5+ Kg8 44. Kxh4 Qe1+ 45. Kh3 Qe8 46.
Kh2 Qf7 47. Qe4 Qh5+ 48. Kg1 Qd1+ 49. Kh2 Qh5+ 50. Kg3 Qg5+ 51. Kh2 Qh5+ 1/2-1/2

[Event "chess.com SpeedChess 2023"]
[Site "chess.com INT"]
[Date "2023.09.14"]
[Round "1.30"]
[White "Erigaisi, Arjun"]
[Black "Nepomniachtchi, Ian"]
[Result "0-1"]
[WhiteTitle "GM"]
[BlackTitle "GM"]
[WhiteElo "2712"]
[BlackElo "2771"]
[WhiteFideId "35009192"]
[BlackFideId "4168119"]
[EventDate "2023.09.04"]
[EventType "k.o."]

1. Nf3 d5 2. c4 e6 3. e3 Nf6 4. Nc3 Be7 5. d4 O-O 6. Qc2 b6 7. b3 Bb7 8. Bb2
Nbd7 9. Be2 Rc8 10. cxd5 Nxd5 11. Nxd5 Bxd5 12. e4 Bb7 13. Rd1 c5 14. d5 exd5
15. exd5 Bf6 16. O-O Bxb2 17. Qxb2 Qf6 18. Qa3 a6 19. Qa4 b5 20. Qg4 Rcd8 21. a4
Nb6 22. axb5 axb5 23. Bxb5 Nxd5 24. Bc4 Nf4 25. Rxd8 Rxd8 26. Ng5 h5 27. Qg3 Bd5
28. Nh3 Bxc4 29. Nxf4 Bxf1 30. Nxh5 Qa1 31. h4 Be2+ 32. Kh2 Bxh5 33. Qg5 Qf6 34.
Qxh5 Qxf2 35. Qg5 Qf6 36. Qg3 Qd6 0-1

[Event "chess.com SpeedChess 2023"]
[Site "chess.com INT"]
[Date "2023.09.14"]
[Round "2.13"]
[White "Nakamura, Hikaru"]
[Black "Caruana, Fabiano"]
[Result "1/2-1/2"]
[WhiteTitle "GM"]
[BlackTitle "GM"]
[WhiteElo "2780"]
[BlackElo "2786"]
[WhiteFideId "2016192"]
[BlackFideId "2020009"]
[EventDate "2023.09.04"]
[EventType "k.o."]

1. Nh3 d5 2. g3 Nc6 3. d4 e5 4. dxe5 Nxe5 5. Bg2 Nf6 6. O-O c6 7. b3 Bd6 8. Bb2
Qe7 9. Nd2 h5 10. e4 Bg4 11. f3 Bxh3 12. Bxh3 dxe4 13. Qe2 h4 14. Nxe4 Nxe4 15.
Qxe4 hxg3 16. Kg2 gxh2 17. Rae1 Qg5+ 18. Bg4 f6 19. Kh1 Kf8 20. f4 Qxg4 21. fxe5
Qxe4+ 22. Rxe4 Be7 23. exf6 Bxf6 24. Bxf6 gxf6 25. Rxf6+ Kg7 26. Rf2 Rh7 27.
Re7+ Kg8 28. Rxh7 Kxh7 29. Rf7+ Kg6 30. Rxb7 Rd8 31. Kxh2 Rd2+ 32. Kg3 Rxc2 33.
Rxa7 Kf5 34. Kf3 Ke5 35. Ke3 Kd6 36. Kd3 Rh2 37. Ra5 Kc7 38. Kc3 Kb6 39. b4 Rh3+
40. Kb2 Rh2+ 41. Kb3 Rg2 42. a3 Rg3+ 43. Ka4 Rh3 44. Rg5 Rf3 45. Rg6 Rh3 46. Rd6
Rf3 47. Rd1 Rh3 48. Rc1 Rf3 49. Rc2 Rh3 50. Rb2 Rf3 51. Rb3 Rf5 52. Rh3 Rf6 53.
Rc3 Rf5 54. Kb3 c5 55. Rh3 cxb4 56. axb4 Rf6 57. Ka4 Kb7 58. Rh5 Rf7 59. Ka5 Rf6
60. Rh7+ Kb8 61. Re7 Rg6 62. Kb5 Rh6 63. Kc5 Rg6 64. Rd7 Rh6 65. Rg7 Rf6 66. Rg1
Rh6 67. Rd1 Rf6 68. Ra1 Rg6 69. Re1 Rh6 70. Rg1 Rf6 71. Rh1 Rg6 72. Rh2 Rf6 73.
Rh3 Rg6 74. Rh4 Rf6 75. Rh5 Rg6 76. Kb5 Rf6 77. Ka5 Re6 78. Rd5 Rf6 79. Rd2 Rg6
80. Rc2 Rf6 81. Rc1 Rg6 82. Rb1 Rh6 83. Rb2 Rg6 84. Re2 Rf6 85. Rh2 Rg6 86. Rh3
Rf6 87. Rh1 Rf5+ 88. Ka4 Rf6 89. Rh7 Rg6 90. Rh8+ Kb7 91. Rf8 Rh6 92. Rf5 Rg6
93. Rb5+ Ka7 94. Rc5 Kb7 95. Rd5 Ka7 96. Rf5 Ra6+ 97. Kb5 Rb6+ 98. Kc5 Rh6 99.
Rf7+ Kb8 100. Rg7 Rh5+ 101. Kb6 Rh6+ 102. Ka5 Rh5+ 103. b5 Rh6 104. Rf7 Rg6 105.
Rf2 Rh6 106. Re2 Rg6 107. Re8+ Kb7 108. Re7+ Kb8 109. Rf7 Rh6 110. Rf2 Rg6 111.
Rc2 Rh6 112. Rc1 Rg6 113. Rd1 Rh6 114. Rg1 Rf6 115. Rg2 Rh6 116. Rf2 Rg6 117.
Rh2 Rf6 118. Rh3 Rg6 119. Rh4 Rf6 120. Rd4 Rg6 121. Rc4 Rf6 122. Kb4 Rg6 123.
Kc5 Rg5+ 124. Kb6 Rg6+ 125. Rc6 Rg7 126. Rh6 Rg8 127. Ka6 Ka8 128. Re6 Kb8 129.
Rd6 Ka8 130. Rc6 Kb8 131. Rb6+ Ka8 132. Re6 Kb8 133. Re4 Ka8 134. Rf4 Kb8 135.
Rh4 Ka8 136. Rc4 Kb8 137. Rc2 Ka8 138. Rc1 Kb8 139. Rd1 Ka8 140. Re1 Kb8 141.
Rf1 Ka8 142. Rh1 Kb8 143. Rh3 Ka8 144. Rf3 Kb8 145. Rf4 Ka8 146. Rb4 Kb8 147.
Rc4 Ka8 148. Rd4 Kb8 149. Re4 Ka8 150. Rf4 Kb8 151. Ra4 Ka8 152. b6 Kb8 153. Rf4
Rh8 154. Rf3 Rg8 155. Rf2 Rh8 156. Rf1 Rg8 157. Re1 Rh8 158. Rd1 Rg8 159. Rc1
Rh8 160. Rc7 Rg8 161. Rb7+ Ka8 162. Rd7 Kb8 163. Re7 Ka8 164. Rf7 Kb8 165. Rf5
Ka8 166. Re5 Kb8 167. Rd5 Ka8 168. Rc5 Kb8 169. Rb5 Ka8 170. Ra5 Kb8 171. Ra3
Rh8 172. Rd3 Rg8 173. Rd2 Ka8 174. Rc2 Kb8 175. Rb2 Ka8 176. Rh2 Kb8 177. Rh5
Rf8 178. Rh6 Rg8 179. Rf6 Rh8 180. Re6 Rg8 181. Rd6 Rh8 182. Rd7 Rg8 183. Re7
Rh8 184. Rf7 Rg8 185. Rh7 Rf8 186. Kb5 Rg8 187. Ka5 Rf8 188. Ka6 Rg8 189. Rh4
Rf8 190. Rc4 Rg8 191. Rc3 Rf8 192. Rc2 Rg8 193. Rc1 Rf8 194. Rb1 Rg8 195. Rb4
Rf8 196. Rb5 Rg8 197. Rc5 Rf8 198. Rc6 Rg8 199. Rd6 Rf8 200. b7 Rg8 201. Kb6 Rh8
202. Rc6 Rg8 203. Rh6 Rg6+ 204. Rxg6 1/2-1/2

[Event "chess.com SpeedChess 2023"]
[Site "chess.com INT"]
[Date "2023.09.15"]
[Round "2.1"]
[White "Carlsen, Magnus"]
[Black "Nepomniachtchi, Ian"]
[Result "0-1"]
[WhiteTitle "GM"]
[BlackTitle "GM"]
[WhiteElo "2839"]
[BlackElo "2771"]
[WhiteFideId "1503014"]
[BlackFideId "4168119"]
[EventDate "2023.09.04"]
[EventType "k.o."]

1. e4 e5 2. Nf3 Nf6 3. Nxe5 d6 4. Nf3 Nxe4 5. d3 Nf6 6. d4 d5 7. Bd3 Bd6 8. O-O
O-O 9. h3 Nbd7 10. Bg5 Re8 11. Nc3 c6 12. Qd2 Nf8 13. Rae1 Ne6 14. Bh4 Bd7 15.
Ne5 Nxd4 16. Bxh7+ Kxh7 17. Nxf7 Qc7 18. Nxd6 Nf3+ 19. gxf3 Qxd6 20. Qd3+ Kg8
21. Qg6 Ne4 22. Qxd6 Nxd6 23. Bg3 Nc4 24. Kg2 Bf5 25. Ne2 Bxc2 26. Nd4 Bd3 27.
Rg1 Kf7 28. b3 Nb6 29. Rd1 Bh7 30. a4 a5 31. Rd2 Nd7 32. Rc1 Nf8 33. h4 Ne6 34.
Nxe6 Rxe6 35. Bf4 Bf5 36. Rd4 Rc8 37. Bg5 g6 38. Rxd5 cxd5 39. Rxc8 Rb6 40. Rc5
d4 41. Rxa5 Rxb3 42. Rd5 d3 43. Rd6 Ke8 44. h5 gxh5 45. Kg3 Rb4 46. Rd5 Bg6 47.
f4 Rxa4 48. f5 Rg4+ 49. Kf3 Rxg5 50. Rxd3 Rxf5+ 0-1

[Event "chess.com SpeedChess 2023"]
[Site "chess.com INT"]
[Date "2023.09.15"]
[Round "2.2"]
[White "Nepomniachtchi, Ian"]
[Black "Carlsen, Magnus"]
[Result "1/2-1/2"]
[WhiteTitle "GM"]
[BlackTitle "GM"]
[WhiteElo "2771"]
[BlackElo "2839"]
[WhiteFideId "4168119"]
[BlackFideId "1503014"]
[EventDate "2023.09.04"]
[EventType "k.o."]

1. e4 c5 2. Nf3 Nc6 3. Bb5 e5 4. O-O Bd6 5. c3 a6 6. Ba4 b5 7. Bb3 c4 8. Bc2 Nf6
9. Qe2 O-O 10. a4 Rb8 11. axb5 axb5 12. d3 cxd3 13. Qxd3 Bc7 14. Bg5 b4 15. Nbd2
bxc3 16. bxc3 h6 17. Bh4 Qe7 18. Nc4 g5 19. Bg3 d6 20. Ne3 Nd8 21. Rfe1 Bb6 22.
Rab1 Rb7 23. h4 Bxe3 24. Qxe3 Rxb1 25. Rxb1 Ne6 26. hxg5 hxg5 27. Qd2 Nh5 28.
Bh2 Nhf4 29. Bb3 Nc5 30. Bc2 Kg7 31. Rd1 Rd8 32. Bg3 Bg4 33. Qe3 Rh8 34. Re1
Bxf3 35. Qxf3 Qe6 36. Bxf4 gxf4 37. Rd1 Rh6 38. Bd3 Qb3 39. Bf1 Nxe4 40. Bd3 Nf6
41. c4 Qb8 42. Bf5 Qh8 43. Bh3 Qb8 44. Qd3 Qc7 45. Qxd6 Qxd6 46. Rxd6 Ne4 47.
Rd5 Rc6 48. Rxe5 Rxc4 49. Rf5 Rc1+ 50. Kh2 Nxf2 51. Rxf4 Nd3 1/2-1/2